000 00777cam a2200277 a 4500
001 5616677
003 ARRUPE
005 20150313144750.0
006 m u
007 cr cn|||||||||
008 021025s2002 ne sb 001 0 eng
010 _z 2002115101
020 _z1586033093 (IOS Press)
020 _z4274905608 (Ohmsha)
035 _a(CaPaEBR)ebr10116461
035 _a(NNC)5616677
040 _aCaPaEBR
_cCaPaEBR
050 1 4 _aPR1175.3.B858
082 0 4 _a327
_222
245 0 4 _aThe turning world
_bverse for pupils aged 13-16 /
_cedited by D.J. Brindley
260 _aCape Town
_bJuta and Company Ltd.,
_c1968.
300 _axvi, 196p. ;
_c22 cm.
650 0 _aEnglish poetry for youth
_916343
942 _2lcc
_cMONOGRAPH
999 _c122443
_d122443